[Event "Norm Congress-IM 2018"]
[Site "Saint Louis"]
[Date "2018.02.11"]
[Round "6"]
[White "Zhou, Qiyu"]
[Black "Colas, Joshua"]
[Result "0-1"]
[WhiteElo "2230"]
[BlackElo "2207"]
[Annotator "TA"]
[PlyCount "148"]
[EventDate "2018.??.??"]
[EventType "schev"]
[EventCountry "USA"]
[SourceTitle "playchess.com"]
[Source "ChessBase"]
[SourceQuality "1"]

{[%evp 19,148,20,2,-62,-58,-56,-50,-66,-65,-56,-69,-68,-64,-108,-100,-107,-61,-96,-97,-96,-96,-96,-98,-93,-110,-105,-56,-63,-70,-70,-64,-64,-59,-120,-95,-160,-163,-165,-135,-159,-127,-128,-88,-88,-88,-85,-89,-89,-65,-68,-63,-84,-84,-89,-87,-93,-87,-91,-86,-125,-113,-119,-127,-120,-43,-180,-78,-102,-97,-97,-99,-98,-100,-100,-104,-120,-126,-159,-143,-132,-139,-182,-159,-221,-221,-224,-222,-222,-224,-222,-222,-222,-216,-207,-202,-295,-226,-308,-308,-308,-226,-230,-230,-230,-233,-4952,-4952,-729,-226,-29971,-29972,-29972,-29973,-29973,-29974,-29974,-29975,-29975,-29976,-29976,-29977,-29976,-29978,-29978,-29979,-29979,-29980,-29980,-29981,-29981,-29982]} 1. e4 {[%cal Be2e4,Be4e5][%mdl 32]} Nf6 2. e5 Nd5 3. d4 d6 4. c4 Nb6 5. exd6 cxd6 6. Nc3 g6 7. Nf3 Bg7 8. Be3 O-O 9. Be2 Nc6 10. O-O Bg4 {LiveBook: 78 Games} 11. c5 {B04: Alekhine's Defence: 4 Nf3} (11. b3 $11) (11. b3 d5 12. c5 Nc8 13. h3 Bxf3 14. Bxf3 e6 15. b4 a6 16. Rb1 N8e7 17. g4 f5 18. Ne2 fxg4 19. Bxg4 Nf5 20. Qd2 Kh8 21. Rb3 e5 22. Bxf5 Rxf5 {0-1 (54) Potapov,P (2479)-Zvjaginsev,V (2643) St Petersburg 2017}) 11... Bxf3 $15 12. Bxf3 dxc5 13. dxc5 {Black is slightly better.} Nc4 14. Qb3 Nxe3 15. fxe3 Rb8 $146 ({Predecessor:} 15... Rc8 16. Rac1 Qd3 17. Rfe1 Ne5 18. Be4 Qd7 {0-1 (61) Fonseca,J-Depasquale,C (2305) Dubai 1986}) 16. Rad1 Qa5 17. Ne4 Ne5 18. Be2 b6 19. c6 Nxc6 20. Rd5 Qb4 21. Qxb4 Nxb4 22. Rd7 f5 (22... Bxb2 23. Rb1 $16) 23. Bc4+ Kh8 24. Ng5 Bf6 $1 {[%cal Rf6g5]} 25. Ne6 Rfc8 26. Bb3 ({White should try} 26. Rfd1 $15) 26... a5 $17 ({Much less strong is} 26... Bxb2 27. Rxe7 Nc6 28. Rf7 $15) 27. h3 (27. Rfd1 $142) 27... b5 ({Don't do} 27... Bxb2 28. Rxe7 Re8 29. Ra7 $15) 28. a4 bxa4 29. Bxa4 Na6 30. Rfd1 Kg8 ({Don't take} 30... Bxb2 31. Rxe7 Bf6 32. Rf7 $15) 31. R7d5 Nc7 32. Nxc7 Rxc7 33. b3 Ra8 34. Kf2 Kf7 35. Ke2 h5 36. R1d2 h4 37. Bb5 Kg7 38. Ra2 Raa7 39. Kd2 Bc3+ 40. Kd3 Bb4 41. Bc4 e6 (41... Kf6 $17 42. e4 e6) 42. Rd4 ({Better is} 42. Re5 $1 $15) 42... g5 (42... e5 $1 $19 {[%cal Re5d4] has better winning chances.} 43. Rd5 e4+ 44. Kc2 Kf6) 43. Bxe6 Rc3+ 44. Ke2 {Strongly threatening Rxb4!} Re7 45. Rd7 Rxd7 46. Bxd7 {[%mdl 4096] Endgame KRB-KRB} Kf6 47. Ba4 Bc5 48. Rd2 Rxe3+ 49. Kf1 Bb4 50. Re2 Rd3 51. Kf2 (51. Rf2 $17 {was worth a try.}) 51... g4 $19 52. hxg4 fxg4 {( -> ...g3+)} 53. Rc2 Kg5 54. Ke2 Rd6 55. Bb5 Re6+ 56. Kf2 Re5 57. Be2 (57. Bd3 $142) 57... Bc5+ 58. Kf1 Rf5+ 59. Ke1 Bf2+ 60. Kd1 h3 61. gxh3 gxh3 {White must now prevent ...h2.} 62. Rc3 $2 (62. Bd3 Rf4 63. Ba6) 62... Rd5+ 63. Kc2 Be1 $2 (63... Rc5 64. Bf3 Re5) 64. Rd3 $2 {[#]} (64. Bc4 $19 Rd2+ 65. Kc1) 64... Rxd3 $1 {Black mates.} 65. Bxd3 {KB-KB} Kf4 66. Ba6 h2 67. Bb7 {[#]} Ke3 $1 {[%cal Re3f2]} 68. Kd1 Kf2 69. Kc2 Kg1 70. Kd3 h1=Q 71. Bxh1 Kxh1 72. Ke2 Bb4 73. Kf1 Bc5 74. Ke2 Kg2 {Precision: White = 46%, Black = 69%.} 0-1

[Event "Norm Congress-IM 2018"]
[Site "Saint Louis"]
[Date "2018.02.11"]
[Round "7"]
[White "Matsenko, Sergei"]
[Black "Torres Rosas, Luis Carlos"]
[Result "1-0"]
[WhiteElo "2561"]
[BlackElo "2370"]
[Annotator "TA"]
[PlyCount "107"]
[EventDate "2018.??.??"]
[EventType "schev"]
[EventCountry "USA"]
[SourceTitle "playchess.com"]
[Source "ChessBase"]
[SourceQuality "1"]

{[%evp 18,107,30,41,34,26,50,0,6,0,0,0,0,0,4,-7,-11,-8,45,31,39,29,35,46,51,52,59,47,54,45,45,55,75,74,73,71,71,75,82,47,87,42,43,41,68,72,60,29,29,6,29,29,29,29,31,29,29,29,29,29,54,29,29,31,47,29,81,41,102,66,86,55,126,63,84,84,84,76,84,64,77,67,89,68,64,60,111,106,106,106,458,451]} 1. d4 Nf6 2. Nf3 g6 3. g3 Bg7 4. Bg2 O-O 5. O-O d6 6. c4 Nc6 7. Nc3 a6 8. Bf4 Rb8 {E63: Königsindisch (6...Sc6)} 9. Rc1 h6 10. Qd3 {LiveBook: 5 Partien} (10. d5 e5 11. Bd2 Ne7 12. e4 Nd7 13. Ne1 f5 14. Nd3 Nf6 15. f4 Nxe4 16. Nxe4 fxe4 17. Bxe4 exf4 18. Nxf4 {½-½ (56) Tregubov,P (2575)-Amin,B (2689) Riadh 2017}) 10... Nd7 {Weiß steht etwas besser.} 11. Qd2 Kh7 12. e4 $146 ({Vorgänger:} 12. d5 Na5 13. b3 e5 14. dxe6 fxe6 15. Be3 Nc6 16. Nh4 Nce5 17. Be4 Nf6 18. Bb1 Bd7 19. f4 Neg4 20. Nxg6 Nxe3 21. Qxe3 Re8 22. Ne4 Kxg6 23. Ng5+ {1-0 (23) James,M (2054)-Willenberg,S (1843) Johannesburg 2016}) 12... e5 13. Be3 exd4 14. Nxd4 Nxd4 15. Bxd4 Ne5 $1 16. b3 c5 17. Bxe5 dxe5 (17... Bxe5 $11 18. Rfd1 Bd4) 18. Nd5 $14 Be6 19. Rfd1 Qc8 20. a4 {[%cal Ba2a4,Ba4a5][%mdl 32]} Rd8 21. a5 Rd7 22. h4 h5 23. Qe1 Qf8 24. Kh2 Bxd5 25. cxd5 ({Bitte nicht} 25. exd5 $6 f5 $11) 25... Qd6 26. Rd3 Bf8 27. Bh3 Rdd8 28. Rcc3 Kg7 29. Rf3 Be7 30. Rc2 Rf8 31. Rfc3 Qd8 32. Rc4 Bd6 33. Qc3 Qf6 34. Re2 Rfe8 35. Qe3 Re7 36. Kg2 Ree8 37. Rd2 Rbd8 38. Rdc2 Re7 39. R4c3 Rb8 40. Rd3 Rd8 41. Rc1 Kh7 (41... Ree8 $11 {bleibt in der Remisbreite.}) 42. Rh1 Rb8 (42... Kg7 $14) 43. Qd2 Qg7 44. Rf3 Rd8 (44... Rf8 $14) 45. Rd1 (45. Qg5 $16) 45... Rc7 46. Rc1 Re7 47. Rc2 Qh6 48. Qc3 Qg7 49. Rc1 Rc7 50. b4 c4 51. Qb2 Re8 ({Besser ist} 51... Qf8 $14) 52. b5 axb5 53. Qxb5 Ree7 $2 {[%mdl 8192] [#]} (53... Ra8 $16 {ist eine bessere Chance.}) 54. a6 $1 {Precision: Weiß = 59%, Schwarz = 40%.} 1-0

[Event "Norm Congress-IM 2018"]
[Site "Saint Louis"]
[Date "2018.02.11"]
[Round "7"]
[White "Banawa, Joel"]
[Black "Stearman, Josiah"]
[Result "0-1"]
[WhiteElo "2401"]
[BlackElo "2335"]
[Annotator "TA"]
[PlyCount "58"]
[EventDate "2018.??.??"]
[EventType "schev"]
[EventCountry "USA"]
[SourceTitle "playchess.com"]
[Source "ChessBase"]
[SourceQuality "1"]

{[%evp 19,58,40,32,28,57,62,62,42,29,38,54,47,72,19,47,-36,-19,-53,-45,-41,-49,-45,-47,-153,-158,-141,-147,-168,-150,-227,-191,-167,-117,-188,-186,-185,-201,-800,-856,-880,-836]} 1. c4 e5 2. g3 Nc6 3. Bg2 Bc5 4. Nc3 d6 5. e3 a6 6. Nge2 {A25: English Opening vs King's Indian with ...Nc6 but without early d3} Ba7 7. d4 exd4 8. Nxd4 Nxd4 9. exd4 Ne7 10. O-O O-O {LiveBook: 7 Games} 11. b3 Nf5 12. Ne2 Rb8 $146 13. a4 Qf6 {[%cal Rf5d4]} 14. Bb2 Re8 15. Qd2 Bd7 16. b4 (16. Rae1 $16) 16... c6 17. Rad1 (17. Rae1 $14) 17... Qe6 $1 $15 {[%csl LRc4,LRe2]} 18. Nf4 Qxc4 19. Rc1 Qb3 20. Ra1 {Threatens to win with Ra3.} f6 21. d5 {[#]} (21. Rfc1 $15) 21... Ne3 $1 $36 {[%mdl 2560] White is under strong pressure.} 22. Rfc1 (22. fxe3 Bxe3+) 22... Nc4 23. Rxc4 Qxc4 24. Rc1 (24. Bf1 $17 {was called for.} Qe4 25. Bd3) 24... Qb3 $19 25. Nh5 Bg4 {[#] And now ...Re2 would win.} ({Weaker is} 25... Qxa4 26. Nxg7 $1 {[%mdl 512]} Be3 27. fxe3 $18) 26. dxc6 (26. Nxf6+ $1 $17 {[%mdl 512] was necessary.} gxf6 27. Bxf6 Bxf2+ 28. Qxf2) 26... bxc6 ({Not} 26... Qxa4 $2 27. Nxf6+ $1 {[%mdl 512]} gxf6 28. Bxf6 $18) 27. Bxc6 {[#]} Bxf2+ $1 {[%mdl 512]} 28. Kf1 $2 (28. Qxf2 Bxh5 29. Bxe8 Rxe8 30. Bc3) 28... Be3 29. Bd5+ Kh8 {Precision: White = 42%, Black = 65%.} 0-1

[Event "Norm Congress-IM 2018"]
[Site "Saint Louis"]
[Date "2018.02.11"]
[Round "7"]
[White "Jacobson, Brandon"]
[Black "Wang, Justin"]
[Result "1-0"]
[WhiteElo "2351"]
[BlackElo "2368"]
[Annotator "TA"]
[PlyCount "67"]
[EventDate "2018.??.??"]
[EventType "schev"]
[EventCountry "USA"]
[SourceTitle "playchess.com"]
[Source "ChessBase"]
[SourceQuality "1"]

{[%evp 20,67,35,35,39,31,67,39,89,79,79,87,70,79,104,110,93,101,158,168,147,160,207,210,216,216,208,202,215,209,241,245,242,131,334,333,433,425,727,727,29974,29976,29990,5597,29991,29992,29994,29995,29995,29996]} 1. Nf3 Nf6 2. c4 b6 3. g3 Bb7 4. Bg2 e6 5. O-O Be7 6. d4 d5 7. cxd5 exd5 8. Nc3 O-O 9. Bf4 Na6 10. Rc1 c6 {E18: Queen's Indian: Old Main Line (4 g3 Bb7 5 Bg2 Be7 6 0-0 0-0 7 Nc3)} 11. Ne5 {LiveBook: 9 Games} Nh5 12. Bd2 Nc7 {White is slightly better.} 13. Qa4 Qe8 {[#]} 14. e4 $146 ({Find the theoretical novelty and annotate with similar games:} 14. b4 Bd6 15. Nd3 Nf6 16. Rfe1 Ne4 17. Nxe4 dxe4 18. Ne5 Bxe5 19. dxe5 Qxe5 {½-½ (80) Savchenko,S (2583)-Dgebuadze,A (2510) Antwerp 1999}) 14... Nf6 15. Rfe1 Ne6 16. Be3 dxe4 17. Nxe4 Nd5 18. Nxc6 Kh8 (18... Bxc6 $142 19. Qxc6 Qxc6 20. Rxc6 Nb4) 19. Nd6 $16 Bxd6 20. Bxd5 Rc8 21. Bg2 Qd7 22. d5 Nc5 23. Qd1 a5 24. Rc4 f5 25. Rh4 {[#] Strongly threatening Qh5.} Qf7 26. Bf3 ({White should play} 26. Bd4 $18) 26... Ne4 $2 (26... Rce8 $16 {might work better.} 27. Bh5 g6) 27. Bd4 $18 {Rexe4 is the strong threat.} ({Resist} 27. Bxb6 Bxc6 28. dxc6 Rxc6 $18) 27... Bxc6 28. dxc6 Bb4 (28... Bc5 $142 29. Bxe4 fxe4 30. Bxc5 (30. Rexe4 Rxc6 31. Rhf4 Qg8 $18) 30... bxc5) 29. Rexe4 fxe4 30. Bxe4 Rcd8 31. Rxh7+ Kg8 32. Qg4 {White mates.} Rxd4 {[#]} 33. Rh8+ $1 {[%mdl 512]} Kxh8 34. Qh3+ {Precision: White = 82%, Black = 44%.} 1-0

[Event "Norm Congress-IM 2018"]
[Site "Saint Louis"]
[Date "2018.02.11"]
[Round "7"]
[White "Turgut, Tansel"]
[Black "Zhou, Qiyu"]
[Result "1-0"]
[WhiteElo "2224"]
[BlackElo "2230"]
[Annotator "TA"]
[PlyCount "87"]
[EventDate "2018.??.??"]
[EventType "schev"]
[EventCountry "USA"]
[SourceTitle "playchess.com"]
[Source "ChessBase"]
[SourceQuality "1"]

{[%evp 16,87,34,18,41,36,39,18,19,23,20,14,20,0,12,-6,43,22,18,0,22,9,29,-5,0,-32,-27,-25,8,0,64,-13,-1,-12,-4,-22,-17,-18,-18,-18,-17,-20,0,-19,30,34,43,35,106,-22,68,78,91,75,77,108,148,102,350,341,346,333,300,335,380,321,518,517,515,477,1333,1332,1289,1263]} 1. d4 Nf6 2. Nf3 e6 3. Bf4 c5 4. e3 cxd4 5. exd4 b6 6. Bd3 Bb7 7. O-O Be7 8. h3 O-O 9. Re1 d6 {A47: 1 d4 Nf6 2 Nf3 b6: Torre, London and Colle Systems} 10. a4 a6 11. Qe2 $146 ({Predecessor:} 11. Nbd2 Re8 12. Bh2 Nbd7 13. c3 {½-½ (61) Medvegy,Z (2539)-Korpa,B (2483) Hungary 2017}) 11... Nbd7 {The position is equal.} 12. Bh2 Re8 13. Nbd2 Nf8 14. c3 Ng6 15. Ng5 Bf8 (15... Nd5 $5 {[%cal Re7g5]} 16. Nxe6 fxe6 17. Qxe6+ Kh8 $11) 16. Ndf3 Qd7 17. Qc2 Rac8 18. h4 Be7 19. Re2 Nf8 20. Rae1 h6 21. Ne4 Ng4 22. Bg3 Kh8 (22... b5 $11) 23. Nh2 ({White should play} 23. d5 $14) 23... Nxh2 $11 24. Kxh2 Ng6 25. h5 Nh4 26. f3 Nf5 {[#] Strongly threatening ...Nxd4!} 27. Bf2 d5 28. Nd2 Nd6 29. g4 b5 30. axb5 axb5 31. Qd1 Nc4 {[#]} (31... Qd8 $14) 32. Nf1 (32. Bb1 $1 $16) 32... b4 (32... Red8 $11) 33. Bb1 $1 $14 f5 34. Qd3 Bd6+ 35. Bg3 Qf7 36. Kg2 {[%cal Rg4f5]} Nxb2 $2 (36... bxc3 $16 {keeps fighting.} 37. bxc3 Qf6) 37. Rxb2 $18 Rxc3 38. Bxd6 Rxd3 39. Bxd3 Ra8 {If Black can now play ...Ra3 this consolidates a bit.} 40. Ng3 Ba6 $2 (40... Qd7 {was worth a try.}) 41. Ra1 {White is clearly winning.} fxg4 42. fxg4 ({Worse is} 42. Rxa6 Rxa6 43. Bxa6 Qxf3+ 44. Kh2 Qa3 $11) 42... Bb7 (42... Qd7 $142) 43. Rxa8+ Bxa8 44. Rf2 {Precision: White = 45%, Black = 37%.} 1-0

[Event "Norm Congress-IM 2018"]
[Site "Saint Louis"]
[Date "2018.02.11"]
[Round "7"]
[White "Colas, Joshua"]
[Black "Grabinsky, Aaron"]
[Result "0-1"]
[WhiteElo "2207"]
[BlackElo "2388"]
[Annotator "TA"]
[PlyCount "114"]
[EventDate "2018.??.??"]
[EventType "schev"]
[EventCountry "USA"]
[SourceTitle "playchess.com"]
[Source "ChessBase"]
[SourceQuality "1"]

{[%evp 9,114,30,33,6,35,18,21,20,20,18,20,19,19,15,26,11,39,39,39,31,42,20,32,20,35,0,10,0,0,-21,-21,-33,-37,-33,-27,-39,-9,-8,0,0,16,15,18,21,18,22,40,40,39,39,39,39,38,0,0,0,0,0,0,0,0,0,0,0,0,0,0,-3,-9,-99,0,0,0,0,0,0,0,0,0,0,0,0,0,0,0,-306,-291,-298,-290,-502,-497,-990,-1043,-29978,-29979,-29979,-29980,-29980,-29981,-29980,-29981,-29973,-1054,-1047,-981,-29983,-29984]} 1. d4 e6 2. Bf4 c5 (2... Nf6 3. e3 d5 4. c4 Bd6 5. Bxd6 cxd6 6. Nc3 dxc4 7. Bxc4 O-O 8. Nf3 a6 9. O-O b5 10. Bd3 Bb7 11. Qe2 Nbd7 12. a4 {1-0 (44) Karjakin,S (2783)-Meier,G (2630) chess.com INT 2017}) 3. e3 cxd4 4. exd4 d5 5. c3 Bd6 6. Bg3 {A40: Unusual replies to 1 d4} Nf6 7. Nd2 O-O 8. Bd3 {The position is equal.} b6 9. Qe2 a5 10. Ngf3 Ba6 11. Bxa6 Rxa6 $146 ({Predecessor:} 11... Nxa6 12. Ne5 Qc7 {½-½ (53) Tomba,F (2418)-Gerola,G (2471) ICCF email 2009}) 12. Ne5 {White wants to play Nc6!} Bxe5 13. dxe5 Nfd7 {[%cal Bf6d7,Bd7c5,Bc5a4,Ba4c3][%mdl 32]} 14. O-O Ra7 15. f4 Nc6 16. Bf2 Rb7 17. a4 Qe7 18. Rab1 Nc5 19. b4 Nxa4 20. Qb5 Nxc3 21. Qxc6 Nxb1 22. Rxb1 axb4 23. Bxb6 {And now Bc5 would win.} Rfb8 24. Bc5 $36 {[%mdl 2048] White is pushing.} Qh4 25. Bd6 Qxf4 26. Bxb8 Rxb8 27. Qc7 {[%cal Rc7b8]} Rf8 28. Nf3 Qe3+ 29. Kh1 Qe4 30. Qc1 Rb8 31. Qe1 Qc4 32. Rc1 Qa6 33. Qf1 Qb7 (33... Qxf1+ 34. Rxf1 b3 35. Rb1 $15) 34. Qe2 Qb6 35. Qb2 Qe3 36. h3 h6 37. Re1 Qd3 38. Qd4 Qc2 {Threatens to win with ...b3.} 39. Qd2 (39. Qa7 $1 $11 {keeps the balance.} Rc8 40. Rf1) 39... Qa4 (39... b3 $17 {White must now prevent ...Qa2.} 40. Kh2 Qa2) 40. Rb1 $11 b3 41. Qb2 Qf4 42. Qd4 Qf5 43. Rb2 {[#]} Qc2 $1 {[%mdl 512]} 44. Kh2 (44. Rxc2 $2 bxc2 45. Qd2 (45. Qg1 $2 Rb1 $19) 45... Rb1+ 46. Kh2 c1=Q $19) 44... Qc1 45. Qd2 Qc4 46. Qe3 Rb4 47. Nd2 $2 {[%mdl 8192]} (47. Ne1 $11 {and White has nothing to worry.}) 47... Qc1 $19 48. Rb1 b2 49. Qd3 $2 {[#]} (49. Qf2 {was necessary.}) 49... Rc4 $1 {[%mdl 512]} 50. Nxc4 (50. Rxb2 $142 Qxb2 51. Nxc4) 50... dxc4 {[%cal Bd5c4,Bc4c3][%mdl 32]} 51. Qe4 c3 52. Qa8+ Kh7 53. Qe4+ g6 54. Qf3 Kg8 ({And not} 54... Qxb1 55. Qxf7+ Kh8 56. Qf8+ Kh7 57. Qf7+ Kh8 58. Qf8+ Kh7 59. Qf7+ $11) 55. Qd3 g5 ({Worse is} 55... c2 56. Qd8+ Kg7 57. Qf6+ Kg8 58. Qd8+ Kh7 59. Qf6 $11) (55... Kg7 $142 56. Rxc1 bxc1=Q 57. Qf3 Qd2 58. Qf6+ Kg8 59. Qf3 c2 60. Qc6 c1=Q 61. Qxc1 Qxc1 62. h4 Qf4+ 63. Kh1 Qxh4+ 64. Kg1 Qe1+ 65. Kh2 h5 66. g3 Qf2+ 67. Kh1 g5 68. g4 Qf1+ 69. Kh2 hxg4 70. Kg3 Qg1#) 56. Qd8+ Kh7 57. Qc7 Kg7 {Precision: White = 59%, Black = 67%.} ({Stronger than} 57... Qxb1 58. Qxf7+ Kh8 59. Qf8+ Kh7 60. Qf7+ Kh8 61. Qf8+ Kh7 62. Qf7+ $11) 0-1

[Event "Norm Congress-IM 2018"]
[Site "Saint Louis"]
[Date "2018.02.12"]
[Round "8"]
[White "Grabinsky, Aaron"]
[Black "Torres Rosas, Luis Carlos"]
[Result "0-1"]
[WhiteElo "2388"]
[BlackElo "2370"]
[Annotator "TA"]
[PlyCount "136"]
[EventDate "2018.??.??"]
[EventType "schev"]
[EventCountry "USA"]
[SourceTitle "playchess.com"]
[Source "ChessBase"]
[SourceQuality "1"]

{[%evp 17,136,20,19,-2,0,0,0,0,-4,-29,8,19,16,0,0,0,0,-19,-8,-60,2,-64,0,-45,-45,-66,-62,-69,-69,-84,-84,-80,-74,-79,-70,-97,-91,-91,0,-29,-10,0,0,0,0,-12,0,0,0,-35,0,0,76,51,77,35,81,90,79,74,70,9,23,0,0,0,0,-56,-67,-206,-222,-237,-219,-238,-165,-390,-392,-345,-275,-364,-392,-329,-190,-159,0,-87,0,-477,-468,-734,-735,-716,-690,-788,-685,-688,-671,-870,-821,-1127,-1153,-1736,-1630,-1202,-1128,-1005,-946,-12838,-12839,-12842,-12842,-12842,-12843,-12843,-12843,-12843,-12842,-12843,-12844,-12844,-12843]} 1. e4 c5 2. Nf3 d6 3. d4 cxd4 4. Nxd4 Nf6 5. Nc3 a6 6. Be2 e6 7. Be3 Qc7 8. O-O Be7 9. f4 O-O {LiveBook: 843 Games} 10. Bd3 {B85: Sicilian Scheveningen: 6 Be2 a6, lines with early Be3} (10. Bf3 Nc6 11. Nxc6 bxc6 12. Na4 Bb7 13. c4 c5 14. Qc2 Nd7 15. Nc3 Nb8 16. Kh1 Nc6 17. Qf2 Rac8 18. b3 Bf6 19. e5 dxe5 20. Ne4 Be7 21. Bxc5 exf4 {½-½ (39) Danin,A (2587)-Navara,D (2737) Czech Republic 2017}) 10... b5 11. a3 Bb7 12. g4 {The position is equal.} Nc6 13. Nxc6 $146 ({Predecessor:} 13. g5 Nd7 14. Qh5 g6 15. Qh6 Nxd4 16. Bxd4 e5 17. Be3 exf4 18. Rxf4 f6 19. Bd4 Ne5 20. Bxe5 dxe5 21. Rh4 Bc5+ 22. Kh1 fxg5 23. Qxg5 Be7 {0-1 (23) Singer,C (2315)-Har Zvi,R (2240) Kecskemet 1991}) 13... Bxc6 14. g5 Nd7 15. Qg4 Rfe8 16. h4 Qb7 17. h5 Bd8 18. Kh2 (18. Bf2 $11) 18... Bb6 (18... Nc5 $1 $15) 19. Bd2 (19. Qg3 $11) 19... Bc7 (19... Nc5 $15) 20. Rg1 Nc5 {[%cal Rc5e4]} 21. g6 fxg6 $1 22. hxg6 h6 {[%cal Rc6e4]} 23. Rae1 a5 24. b4 axb4 25. axb4 Nxd3 26. cxd3 d5 27. e5 d4 (27... Bb6 $17 28. Rgf1 Qe7) 28. Ne4 $11 Ra2 29. Rg2 $1 Bxe4 30. Rxe4 Qd5 31. Kh3 Ra3 32. Qf3 Rf8 {And now ...Bxe5! would win.} 33. Rg3 Bb6 34. Re1 Qxf3 (34... Qb3 $11) 35. Rxf3 $16 Ra2 {[#]} 36. Rd1 $1 Rc8 37. Be1 Rcc2 {( -> ...Rh2+)} 38. Bg3 Bd8 39. Rdf1 (39. Kg4 $14) 39... Be7 $11 40. f5 exf5 ({Don't play} 40... Bxb4 41. Rb1 $16) 41. Rxf5 Ra6 ({But not} 41... Bxb4 $6 42. e6 $16) 42. Bh4 (42. R5f4 $11) 42... Bxb4 $15 {Strongly threatening ...Bc5.} 43. Rg1 (43. Rb1 $15 Bc5 44. Rxb5 Rxg6 45. Rf3) 43... Bc5 $19 44. Re1 {[#] Hoping for e6.} Re6 45. Rf7 Rxg6 46. Rc7 $2 (46. Rd7) 46... Rc3 47. Rd1 Re6 48. Bg3 b4 49. Kg4 Be7 (49... Rb6 $142 50. Be1 Rc2) 50. Rb7 Bc5 $2 (50... Rcc6 $17 {...Rb6 is the strong threat.} 51. Kf5 Rb6 52. Rxb6 Rxb6) 51. Kf5 (51. Rc7 $1 $11) 51... Rb6 ({Black should try} 51... Re8 $17 52. Be1 Rc2) 52. Rc7 $2 {[%mdl 8192]} (52. Rxb6 $11 Bxb6 53. Ke4) 52... b3 {Black is clearly winning.} 53. e6 (53. Be1 $142 Rc2 54. Rb1) 53... b2 54. Be5 b1=Q 55. Rxg7+ Kf8 56. Rxb1 Rxb1 57. Rh7 {intending Rh8+.} Ke8 58. Rh8+ Bf8 59. Ke4 Rc6 60. Bg7 Rf1 61. Kd5 Rc5+ 62. Kxd4 Rh5 63. Ke4 Ke7 64. Bc3 Kxe6 65. Rg8 Rh4+ 66. Ke3 Rh3+ 67. Ke2 Rff3 68. Bd2 Kf7 {Precision: White = 34%, Black = 53%.} 0-1

[Event "Norm Congress-IM 2018"]
[Site "Saint Louis"]
[Date "2018.02.12"]
[Round "8"]
[White "Wang, Justin"]
[Black "Banawa, Joel"]
[Result "1-0"]
[WhiteElo "2368"]
[BlackElo "2401"]
[Annotator "TA"]
[PlyCount "77"]
[EventDate "2018.??.??"]
[EventType "schev"]
[EventCountry "USA"]
[SourceTitle "playchess.com"]
[Source "ChessBase"]
[SourceQuality "1"]

{[%evp 22,77,26,32,19,16,52,54,55,42,66,41,81,32,150,149,147,93,104,22,28,25,30,32,23,22,185,181,179,163,184,112,201,191,276,268,272,268,272,189,256,253,352,260,499,505,502,416,420,394,1470,1327,29975,29976,29976,29977,29975,29973]} 1. e4 c5 2. Nf3 e6 3. d4 cxd4 4. Nxd4 Nf6 5. Nc3 Nc6 6. Ndb5 Bc5 7. Bf4 O-O {B45: Sicilian Four Knights} 8. Bc7 Qe7 9. Bd6 Bxd6 10. Qxd6 Qd8 11. Nc7 (11. O-O-O a6 12. Nd4 Qb6 13. e5 Ng4 14. Nxc6 bxc6 15. Bd3 {½-½ (66) Jakovenko,D (2730)-Pridorozhni,A (2571) Khanty-Mansiysk 2017}) 11... Rb8 12. Be2 {LiveBook: 14 Games} b5 13. e5 (13. Bxb5 Rb7 $17) 13... b4 14. exf6 bxc3 15. fxg7 Kxg7 16. Qg3+ $146 Kh8 17. Qxc3+ Kg8 ({Better is} 17... e5 $1 $14 18. Nb5 Qf6) 18. Nb5 $1 $16 (18. Qg3+ $6 Kh8 $14) 18... Qh4 19. Rd1 (19. O-O $142) 19... Ba6 {[#]} 20. Nd4 ({White should try} 20. Rd3 $1 $16 {[%cal Rd3g3]} Rxb5 21. Rg3+ Rg5 22. Qf6 (22. Bxa6 Qe4+ 23. Qe3 Qxe3+ 24. fxe3 Rg7 $16)) 20... Qe4 $11 {Strongly threatening ...Nxd4.} 21. O-O $40 {[%mdl 128] White attacks.} Bxe2 22. Rfe1 Nxd4 23. Rxd4 Qg6 $2 (23... Qc6 $11 24. Qg3+ Kh8) 24. Rxe2 $18 Rfc8 {[#]} 25. Qa3 $1 Qf6 26. Rb4 (26. Rxd7 $6 Rxb2 27. h3 a6 $16) (26. Qxa7 $6 Ra8 $16) (26. Red2 $18) 26... Kh8 (26... Rxb4 $16 27. Qxb4 Qg6) 27. h3 Rg8 (27... Rxb4 $142 28. Qxb4 d5) 28. Rxb8 Rxb8 {[%mdl 4096] Endgame KQR-KQR} 29. c3 ({Weaker is} 29. Qxa7 Rxb2 30. Kh2 (30. Qxd7 Rb1+ 31. Kh2 Qf4+ 32. g3 Qc1 $11) 30... d5 $16) 29... Rg8 30. Re3 (30. Qxa7 Qf3 $11) 30... Qg6 (30... Qg5 $142 31. g3 Qd5) 31. Rg3 Qb1+ 32. Kh2 Rxg3 $2 (32... a6 33. Rf3 Qf1) 33. fxg3 {[%cal Ra3f8] KQ-KQ} ({Less strong is} 33. Kxg3 Kg8 $16) 33... Kg8 34. Qxa7 Qxb2 35. a4 {[%cal Ba2a4,Ba4a5,Ba5a6,Ba6a7][%mdl 32] a5 is the strong threat.} Qxc3 $2 (35... h5 36. a5 h4 37. gxh4 Qb5) 36. a5 h5 37. Qb8+ {White mates.} Kh7 38. a6 h4 39. a7 {Precision: White = 69%, Black = 34%.} 1-0